000 00751cam a22002533a 4500
001 24078
003 PGUSA
005 20140828083520.0
008 071230s2007||||xxu|||||s|||||000 1 eng d
040 _aPGUSA
_beng
042 _adc
050 4 _aPS
100 1 _aCable, George Washington,
_d1844-1925
245 1 0 _aBonaventure :
_bA Prose Pastoral of Acadian Louisiana
_h[electronic resource] /
_cGeorge Washington Cable
260 _bProject Gutenberg,
_c2007
506 _aPublic domain in the USA.
516 _aElectronic text
653 _aLouisiana -- Fiction
653 _aPastoral fiction
653 _aCountry life -- Fiction
830 0 _aProject Gutenberg
_v24078
856 4 0 _uhttp://www.gutenberg.org/ebooks/24078
942 _cEB
999 _c253333
_d253333